00826 2200301 4500001002100000005001500021035002000036007000300056040001700059100002800076245006100104250001200165300003300177504002300210041000800233082001000241084001600251090002300267264003800290336002100328337003000349338002300379650001200402700003600414850001000450008004100460990002300501INLIS00000000000746820260602011038 a0010-0822000442ta aSBPUPADbind0 aYani HeryaniePengarang1 aPengolahan Singkong /cYani Heryani;Editor ,Ugan T.Aceng a.-Cet.1 aiv,77 hlm :billus. ;c21 cm aBibliografi,Hlm 770 aind a641.3 a641.3 YAN p a641.3 YAN p L20-8 a.--Bandung :bPringgandani,c2009 2rdacontentateks 2rdamediaatanpa perantara 2rdacarrieravolume 4aMakanan0 aEditor ,Ugan T.AcengePengarang aPUPAD260602 0  a8839/H/KAPD/PDG/09